| 000 | 00724nam a2200193Ia 4500 | ||
|---|---|---|---|
| 005 | 20260429112338.0 | ||
| 008 | 260429s9999||||xx |||||||||||||| ||und|| | ||
| 020 | _a9788126726264 | ||
| 041 | _aHindi | ||
| 082 |
_a294.5922 _bMOU |
||
| 100 | _aमौयिली, एम. वीरप्पाच गुरुदत्त, प्रधान | ||
| 245 | 0 |
_aश्री रामायण महावेष्णम / _cप्रधान एम. वीरप्पाच गुरुदत्त मौयिली |
|
| 250 | _a1st ed. | ||
| 260 |
_aनई दिल्ली : _bराजकमल प्रकाशन, _c2014. |
||
| 300 | _a623 p.; hb | ||
| 440 | _vVol. 1 | ||
| 650 | _aReligion | ||
| 942 | _cTB | ||
| 999 |
_c53615 _d53615 |
||